=LDR 00000nam 2200000 4500 =001 000475 =005 20250710093059 =035 ##$$a 0010-0725000337 =007 ta =008 250710################a##########0#ind## =020 ##$$a 978-602-437-774-8 =082 ##$$a 398.209 598 =084 ##$$a 398.209 598 KUS a =100 #$$a Kuswotanti, Wulanita =245 1#$$a Agen Rahasia : $b Ciku /$c Wulanita Kuswotanti =250 ##$$a Cetakan Pertama =260 ##$$a Jakarta :$b Kementerian Pedidikan, Kebudayaan, Riset, dan Teknologi,$c 2024 =300 ##$$a 28 hlm. : $b ilus. ; $c 29,7 x 21 cm =650 #4$$a Cerita Anak-Indonesia =650 #4$$a Kesusatraan Anak =856 ##$$a TBM As Suhada =990 ##$$a TBM02250225